[Event "Autunno Scacchistico Magistrale"]
[Site "Venezia ITA"]
[Date "2004.10.31"]
[Round "3"]
[White "Quaranta, Cristiano"]
[Black "Genna, Jose' Miguel"]
[Result "0-1"]
[WhiteElo "2091"]
[BlackElo "2215"]
[PlyCount "82"]
[EventDate "2004.10.29"]

1. d4 e6 2. Nf3 f5 3. d5 d6 4. dxe6 Bxe6 5. Ng5 Qd7 6. g3 Nf6 7. Nxe6 Qxe6 8.
Bg2 c6 9. Nc3 Be7 10. O-O O-O 11. Qd4 d5 12. Bf4 Nbd7 13. Rae1 Ne4 14. Nxe4
fxe4 15. c3 b6 16. Qd2 h6 17. f3 Nf6 18. Kh1 Rae8 19. b4 c5 20. a3 Rd8 21. Qa2
Rfe8 22. Be3 Bf8 23. Kg1 Kh8 24. Qb3 Qc6 25. Bh3 d4 26. cxd4 cxd4 27. Rc1 Qb5
28. Bf4 d3 29. exd3 exd3 30. Rfd1 Bd6 31. Bxd6 Rxd6 32. a4 Qh5 33. Bg2 d2 34.
Ra1 Qe5 35. Bf1 Qd4+ 36. Kg2 Re3 37. Qf7 Rde6 38. Rab1 Re2+ 39. Bxe2 Rxe2+ 40.
Kh3 Qf2 41. Rh1 Qg2+ 0-1

[Event "Autunno Scacchistico Magistrale"]
[Site "Venezia ITA"]
[Date "2004.10.31"]
[Round "3"]
[White "Rigo, Gianfrancesco"]
[Black "Navarro, Stefano"]
[Result "0-1"]
[WhiteElo "2045"]
[BlackElo "2177"]
[PlyCount "72"]
[EventDate "2004.10.29"]

1. e4 e5 2. Nf3 Nc6 3. Bb5 f5 4. Nc3 fxe4 5. Nxe4 d5 6. Nxe5 dxe4 7. Nxc6 Qg5
8. Qe2 Nf6 9. f4 Qxf4 10. Nxa7+ Bd7 11. Bxd7+ Nxd7 12. d4 Qf5 13. Nb5 Bd6 14.
Rf1 Qe6 15. Bf4 O-O 16. Bxd6 cxd6 17. Nc7 Rxf1+ 18. Qxf1 Rxa2 19. Rxa2 Qxa2 20.
Qf5 Nf6 21. Qc8+ Kf7 22. Qxb7 Qb1+ 23. Kd2 Qg1 24. Nd5+ Kg6 25. Nf4+ Kf5 26.
Qxg7 Qxd4+ 27. Ke2 Kxf4 28. g3+ Kf5 29. g4+ Kf4 30. g5 Qc4+ 31. Ke1 Ng4 32. h3
Ne3 33. Qf6+ Nf5 34. h4 Ke3 35. Qc3+ Qxc3+ 36. bxc3 Nxh4 0-1

[Event "Autunno Scacchistico Magistrale"]
[Site "Venezia ITA"]
[Date "2004.10.31"]
[Round "3"]
[White "Solinas, Carlo"]
[Black "Cedriano, Filippo"]
[Result "1/2-1/2"]
[WhiteElo "2094"]
[BlackElo "2062"]
[PlyCount "137"]
[EventDate "2004.10.29"]

1. e4 c5 2. d4 g6 3. Nf3 Bg7 4. Bc4 cxd4 5. c3 d3 6. Bxd3 Nc6 7. c4 d6 8. h3
Nf6 9. Nc3 O-O 10. O-O Nd7 11. Be3 Nde5 12. Be2 Nxf3+ 13. Bxf3 Ne5 14. Be2 Be6
15. Bd4 Rc8 16. b3 Nc6 17. Bxg7 Kxg7 18. Nd5 Kg8 19. Kh2 Bxd5 20. exd5 Ne5 21.
f4 Nd7 22. Qd4 Qb6 23. Qxb6 Nxb6 24. Bd3 Kg7 25. Rae1 Rfe8 26. Be4 Nd7 27. Bf3
Rc7 28. g4 a6 29. Rf2 Nb6 30. Rfe2 Kg8 31. g5 Kg7 32. Bg4 Na8 33. h4 b5 34. c5
Rxc5 35. Rxe7 Rxe7 36. Rxe7 Rc7 37. Re8 Nb6 38. Rd8 Nxd5 39. Rxd6 Nxf4 40. Kg3
Nh5+ 41. Bxh5 gxh5 42. Rxa6 Rc3+ 43. Kf4 Rh3 44. Rb6 Rxh4+ 45. Kf3 b4 46. Rh6
Rh2 47. Ra6 Rc2 48. Kg3 Rc1 49. Rb6 Rc2 50. Rxb4 Rxa2 51. Rb6 Ra1 52. b4 Rg1+
53. Kh4 Rh1+ 54. Kg3 h4+ 55. Kg2 Rd1 56. Rc6 Rb1 57. Rb6 Rb3 58. b5 Rg3+ 59.
Kh2 Rxg5 60. Kh3 Rg3+ 61. Kxh4 Rb3 62. Rb7 Kf6 63. b6 Rb5 64. Rb8 Ke7 65. b7 h5
66. Kh3 Rb4 67. Kg3 h4+ 68. Kh3 Kd7 69. Rf8 1/2-1/2

[Event "Autunno Scacchistico Magistrale"]
[Site "Venezia ITA"]
[Date "2004.10.31"]
[Round "3"]
[White "Vancini, Edoardo"]
[Black "Pfeifer, Andreas"]
[Result "1-0"]
[WhiteElo "2288"]
[BlackElo "2129"]
[PlyCount "25"]
[EventDate "2004.10.29"]

1. c4 b6 2. e4 e6 3. Nc3 Bb7 4. Nge2 f5 5. exf5 Nf6 6. Ng3 Bd6 7. Bd3 Bxg2 8.
Rg1 Bxg3 9. Rxg2 Bd6 10. Rxg7 Bxh2 11. fxe6 dxe6 12. Be4 Kf8 13. Rg2 1-0

[Event "Autunno Scacchistico Magistrale"]
[Site "Venezia ITA"]
[Date "2004.10.31"]
[Round "3"]
[White "Verducci, Gianni"]
[Black "Mileto, Gabriele"]
[Result "1-0"]
[WhiteElo "2045"]
[BlackElo "2206"]
[PlyCount "35"]
[EventDate "2004.10.29"]

1. e4 c6 2. Nc3 d5 3. Qf3 d4 4. Bc4 e6 5. Nce2 Ne7 6. Nh3 Ng6 7. Bb3 c5 8. d3
Nd7 9. Nhf4 Bd6 10. Nxg6 hxg6 11. Bf4 Qc7 12. Bxd6 Qxd6 13. Nf4 Ne5 14. Qg3 b5
15. O-O Nd7 16. Bxe6 Nf6 17. Bxc8 Rxc8 18. e5 1-0

[Event "Autunno Scacchistico Magistrale"]
[Site "Venezia ITA"]
[Date "2004.10.31"]
[Round "4"]
[White "Bonafede, Alessandro"]
[Black "Alberton, Roberto"]
[Result "1/2-1/2"]
[WhiteElo "2103"]
[BlackElo "2125"]
[PlyCount "95"]
[EventDate "2004.10.29"]

1. e4 e6 2. d3 d5 3. Nd2 c5 4. Ngf3 Nc6 5. g3 Nf6 6. Bg2 Be7 7. O-O O-O 8. e5
Nd7 9. Re1 f6 10. exf6 Nxf6 11. Qe2 Bd6 12. b3 e5 13. Bb2 Re8 14. c4 Nb4 15.
Nf1 d4 16. Ng5 Bg4 17. Qd2 Qd7 18. Ne4 Nxe4 19. Bxe4 Bf5 20. Ba3 Bxe4 21. Rxe4
Nc6 22. Ree1 a5 23. Qe2 a4 24. Bb2 Bc7 25. Nd2 Ba5 26. bxa4 Bxd2 27. Qxd2 Rxa4
28. a3 e4 29. Qc2 Na5 30. Qe2 b6 31. Rac1 Qc6 32. Qh5 g6 33. Qd5+ Qxd5 34. cxd5
Nb3 35. Rcd1 e3 36. Kg2 Raa8 37. fxe3 dxe3 38. d4 Nxd4 39. Bxd4 cxd4 40. Rxd4
Rxa3 41. Re2 Kf7 42. Rb4 Rd3 43. Rxb6 Rxd5 44. Rb3 Kf6 45. Rbxe3 Rxe3 46. Rxe3
Rd2+ 47. Kg1 Kf5 48. Ra3 1/2-1/2

[Event "Autunno Scacchistico Magistrale"]
[Site "Venezia ITA"]
[Date "2004.10.31"]
[Round "4"]
[White "Cedriano, Filippo"]
[Black "Mileto, Gabriele"]
[Result "0-1"]
[WhiteElo "2062"]
[BlackElo "2206"]
[PlyCount "48"]
[EventDate "2004.10.29"]

1. e4 c6 2. d4 d5 3. e5 c5 4. c3 Nc6 5. Nf3 Bg4 6. Bb5 e6 7. Be3 cxd4 8. Bxd4
Nge7 9. h3 Bh5 10. Nbd2 a6 11. Bd3 Nxd4 12. cxd4 Nc6 13. g4 Bg6 14. Bxg6 fxg6
15. h4 Qb6 16. Qb3 Qxb3 17. Nxb3 Bb4+ 18. Ke2 O-O 19. a3 Be7 20. Ke3 Rf7 21.
Ne1 Raf8 22. f3 h5 23. g5 Rf4 24. Rh3 Rxh4 0-1

[Event "Autunno Scacchistico Magistrale"]
[Site "Venezia ITA"]
[Date "2004.10.31"]
[Round "4"]
[White "Cereda, Loris"]
[Black "Del Monaco, Andrea"]
[Result "1/2-1/2"]
[WhiteElo "2002"]
[BlackElo "2218"]
[PlyCount "87"]
[EventDate "2004.10.29"]

1. e4 c5 2. Nc3 Nc6 3. f4 e6 4. Nf3 d5 5. Bb5 Nf6 6. Bxc6+ bxc6 7. e5 Nd7 8. d3
Be7 9. O-O c4 10. dxc4 Ba6 11. cxd5 cxd5 12. Re1 Bc5+ 13. Be3 Qb6 14. Bxc5 Nxc5
15. Qd4 O-O 16. b4 Nd7 17. Qxb6 Nxb6 18. Nd4 Rfc8 19. Nce2 Bxe2 20. Rxe2 Rc4
21. c3 Rxc3 22. Rd1 Rc4 23. Rb2 Na4 24. Rb3 Nc3 25. Rc1 Rac8 26. Rc2 g5 27. f5
Nxa2 28. Rxa2 Rxd4 29. fxe6 fxe6 30. Rxa7 Rc2 31. Rf3 Rd1+ 32. Rf1 Rxf1+ 33.
Kxf1 Rb2 34. Rb7 h5 35. Re7 Rxb4 36. Rxe6 Rf4+ 37. Kg1 Rf5 38. Rh6 g4 39. e6
Kf8 40. Rh7 Ke8 41. Rd7 h4 42. g3 hxg3 43. hxg3 Re5 44. Kf2 1/2-1/2

[Event "Autunno Scacchistico Magistrale"]
[Site "Venezia ITA"]
[Date "2004.10.31"]
[Round "4"]
[White "Doric, Darko"]
[Black "Vancini, Edoardo"]
[Result "1-0"]
[WhiteElo "2324"]
[BlackElo "2288"]
[PlyCount "149"]
[EventDate "2004.10.29"]

1. d4 Nf6 2. Bg5 e6 3. Nd2 c5 4. e3 Nc6 5. c3 b6 6. Ngf3 Be7 7. Bd3 Bb7 8. Bxf6
Bxf6 9. O-O O-O 10. Qe2 d6 11. Rfe1 Qc7 12. Rad1 Rad8 13. Ne4 Qe7 14. Ba6 Ba8
15. a3 d5 16. Nxf6+ Qxf6 17. Bb5 Qe7 18. Rd2 Nb8 19. Bd3 Nd7 20. e4 cxd4 21.
Nxd4 Ne5 22. exd5 Nxd3 23. Qxd3 Rxd5 24. Qe3 Rfd8 25. Red1 Qb7 26. f3 Qc7 27.
Nb5 Qb8 28. c4 Rxd2 29. Rxd2 Rxd2 30. Qxd2 a6 31. Qd6 Qf8 32. Qxf8+ Kxf8 33.
Nd6 Bc6 34. Kf2 Bd7 35. Ke3 Ke7 36. Ne4 f5 37. Nd2 Bc6 38. g3 e5 39. f4 Kd6 40.
b4 Ke6 41. Nb3 Ba4 42. Nd2 Bc6 43. h4 Kd6 44. Nb3 Be4 45. Nc1 Bc2 46. Kd2 Bb1
47. Kc3 Ke6 48. Nb3 Ba2 49. Nd2 b5 50. c5 Bd5 51. Kd3 Kf6 52. Ke3 g6 53. Nf1 h6
54. Nd2 g5 55. hxg5+ hxg5 56. fxg5+ Kxg5 57. Nf3+ Kg4 58. Nxe5+ Kxg3 59. Nd3
Kg4 60. Kd4 Bb7 61. c6 Bc8 62. Ne5+ Kg3 63. Kd5 f4 64. Kd6 Bf5 65. Kc7 f3 66.
Nxf3 Kxf3 67. Kb7 Be4 68. Kb6 Kf4 69. c7 Bf5 70. Kb7 Ke5 71. c8=Q Bxc8+ 72.
Kxc8 Kd6 73. Kb7 Kd7 74. Kxa6 Kc6 75. Ka5 1-0

[Event "Autunno Scacchistico Magistrale"]
[Site "Venezia ITA"]
[Date "2004.10.31"]
[Round "4"]
[White "Faccia, Sergio"]
[Black "Solinas, Carlo"]
[Result "0-1"]
[WhiteElo "2005"]
[BlackElo "2094"]
[PlyCount "102"]
[EventDate "2004.10.29"]

1. e4 e5 2. d4 exd4 3. Nf3 Nc6 4. Bc4 Nf6 5. O-O Bc5 6. c3 d6 7. cxd4 Bb6 8.
Bg5 Bg4 9. d5 Ne5 10. Be2 Ng6 11. Nc3 h6 12. Bxf6 Qxf6 13. Bb5+ Kf8 14. Be2 Re8
15. Nd2 h5 16. Bxg4 hxg4 17. Qxg4 Ne5 18. Qg3 a6 19. Kh1 Qh6 20. Nf3 Nd3 21.
Na4 Ba7 22. Nc3 b5 23. Rab1 b4 24. Nd1 Rxe4 25. Ne3 Bxe3 26. fxe3 Rxe3 27. h3
Qf6 28. Qg4 g6 29. Kg1 Qf4 30. Qxf4 Nxf4 31. Ng5 Rh4 32. Nf3 Rh5 33. Rf2 Rxd5
34. Rbf1 Re2 35. Rxe2 Nxe2+ 36. Kf2 Nf4 37. Kg3 Nd3 38. b3 Nc5 39. h4 Ne6 40.
Rf2 Kg7 41. Ne1 c5 42. Nc2 Rd3+ 43. Kh2 Nd4 44. Ne1 Re3 45. Nc2 Re2 46. Rxe2
Nxe2 47. Ne3 Kf6 48. g4 Nc1 49. Nd5+ Kg7 50. Nc7 Nxa2 51. Nxa6 c4 0-1

[Event "Autunno Scacchistico Magistrale"]
[Site "Venezia ITA"]
[Date "2004.10.31"]
[Round "4"]
[White "Fattorelli, Luciano"]
[Black "Quaranta, Cristiano"]
[Result "1-0"]
[WhiteElo "2107"]
[BlackElo "2091"]
[PlyCount "91"]
[EventDate "2004.10.29"]

1. e4 c5 2. Nc3 Nc6 3. g3 g6 4. Bg2 Bg7 5. d3 e6 6. Be3 d6 7. Qd2 Rb8 8. Nge2
Nd4 9. O-O b5 10. f4 Ne7 11. Nd1 O-O 12. c3 Nxe2+ 13. Qxe2 b4 14. c4 a5 15. Nf2
a4 16. Rad1 Nc6 17. e5 Nd4 18. Bxd4 cxd4 19. exd6 Qxd6 20. Ng4 Re8 21. Ne5 f6
22. Nf3 Bb7 23. Nd2 e5 24. Bxb7 Rxb7 25. Ne4 Qe7 26. f5 Rb6 27. Qg4 g5 28. h4
h6 29. Kg2 Rc6 30. hxg5 hxg5 31. Rh1 Qf7 32. Qh5 Qxh5 33. Rxh5 Rb8 34. Kf3 b3
35. a3 Kf7 36. Rc1 Bf8 37. Rh7+ Bg7 38. c5 Kg8 39. Rhh1 Bf8 40. Rc4 Ra8 41.
Rhc1 Ra5 42. Rb4 Kf7 43. Rb7+ Be7 44. Rh1 Kf8 45. Rh8+ Kg7 46. Re8 1-0

[Event "Autunno Scacchistico Magistrale"]
[Site "Venezia ITA"]
[Date "2004.10.31"]
[Round "4"]
[White "Fontana, Enrico"]
[Black "Bdair, Bilal"]
[Result "0-1"]
[WhiteElo "2123"]
[BlackElo "2004"]
[PlyCount "122"]
[EventDate "2004.10.29"]

1. e4 c5 2. Nf3 d6 3. d4 cxd4 4. Nxd4 Nf6 5. Nc3 a6 6. Bg5 e6 7. f4 Bd7 8. Qf3
Nc6 9. O-O-O Qa5 10. Nb3 Qc7 11. Bxf6 gxf6 12. f5 Ne5 13. Qh5 O-O-O 14. Nd4 Kb8
15. Nf3 Be8 16. Be2 Rc8 17. Qh3 Bd7 18. Nxe5 fxe5 19. Qd3 Be7 20. Kb1 Rhg8 21.
g3 Bc6 22. Rhf1 Rgd8 23. fxe6 fxe6 24. Bg4 d5 25. Bxe6 dxe4 26. Qe3 Rxd1+ 27.
Rxd1 Rd8 28. Rxd8+ Qxd8 29. a3 Qd4 30. Qxd4 exd4 31. Nd5 Bg5 32. Nf4 e3 33. Bg4
Bxf4 34. gxf4 Be4 35. Kc1 Kc7 36. b4 b6 37. Kd1 Kd6 38. Be2 a5 39. Bc4 Ke7 40.
Bb3 Bf3+ 41. Ke1 Kf6 42. Bg8 Be4 43. Kd1 h6 44. bxa5 bxa5 45. Bb3 Kf5 46. Ke2
Kxf4 47. Ba4 h5 48. Bb3 h4 49. Ba4 Bf5 50. Bb3 Ke4 51. Bc4 Bg4+ 52. Ke1 Kf4 53.
Bb5 Bf5 54. Ba4 Kg4 55. Kf1 Kh3 56. Kg1 e2 57. Kf2 Bg4 58. Bc6 Kxh2 59. Be4 h3
60. Bc6 e1=Q+ 61. Kxe1 Kg3 0-1

[Event "Autunno Scacchistico Magistrale"]
[Site "Venezia ITA"]
[Date "2004.10.31"]
[Round "4"]
[White "Gallo, Enrico"]
[Black "Rigo, Gianfrancesco"]
[Result "0-1"]
[WhiteElo "2159"]
[BlackElo "2045"]
[PlyCount "68"]
[EventDate "2004.10.29"]

1. e4 e5 2. Nf3 Nc6 3. Bb5 a6 4. Ba4 Nf6 5. O-O Be7 6. d4 b5 7. Bb3 d6 8. a4
Bg4 9. c3 exd4 10. cxd4 b4 11. Be3 O-O 12. Nbd2 Na5 13. Ba2 c5 14. h3 Bh5 15.
dxc5 dxc5 16. Rc1 Rc8 17. Qe2 Qd7 18. g4 Nxg4 19. Ne5 Nxe5 20. Qxh5 Nd3 21. Rb1
Qxa4 22. Bd5 Qd7 23. Kh1 Bf6 24. Rg1 Nc6 25. Rg3 Ne7 26. Bh6 Nxf2+ 27. Kh2 Nxd5
28. Rxg7+ Bxg7 29. Rg1 Nf6 30. Rxg7+ Kh8 31. Qf3 Qxh3+ 32. Qxh3 Nxh3 33. Rg3
Rg8 34. Rxh3 Ng4+ 0-1

[Event "Autunno Scacchistico Magistrale"]
[Site "Venezia ITA"]
[Date "2004.10.31"]
[Round "4"]
[White "Genna, Jose' Miguel"]
[Black "Foglia, Maurizio"]
[Result "1-0"]
[WhiteElo "2215"]
[BlackElo "2075"]
[PlyCount "107"]
[EventDate "2004.10.29"]

1. e4 Nf6 2. e5 Nd5 3. d4 d6 4. Nf3 Bg4 5. Be2 e6 6. O-O Be7 7. c4 Nb6 8. exd6
cxd6 9. Nc3 O-O 10. Be3 d5 11. b3 Nc6 12. c5 Nc8 13. a3 Bf6 14. b4 a6 15. h3
Bxf3 16. Bxf3 N8e7 17. Rc1 Nf5 18. Ne2 g6 19. g3 Bg7 20. Qd2 Qf6 21. Rcd1 Nh4
22. Bg2 Nf3+ 23. Bxf3 Qxf3 24. Kh2 h6 25. Ng1 Qf6 26. f4 Kh7 27. Nf3 Qd8 28.
Qd3 Qc7 29. Kg2 Ne7 30. a4 Nf5 31. Bf2 Bf6 32. g4 Ng7 33. Bg3 Qd7 34. Ra1 h5
35. Ne5 Qc7 36. Ra2 Rh8 37. Nf3 Qd8 38. Rfa1 hxg4 39. hxg4 Kg8 40. b5 Ne8 41.
b6 Be7 42. Rh1 Rxh1 43. Kxh1 Nf6 44. Ne5 Ne4 45. Rh2 Bf6 46. Be1 Rc8 47. Qh3
Bg7 48. Qh7+ Kf8 49. Bb4 Rc6 50. Nxc6 bxc6 51. b7 Qc7 52. Qh8+ Bxh8 53. Rxh8+
Ke7 54. b8=Q 1-0

[Event "Autunno Scacchistico Magistrale"]
[Site "Venezia ITA"]
[Date "2004.10.31"]
[Round "4"]
[White "Giuriati, Paolo"]
[Black "Boricsev, Oleg"]
[Result "0-1"]
[WhiteElo "2190"]
[BlackElo "2396"]
[PlyCount "66"]
[EventDate "2004.10.29"]

1. d4 d5 2. Nf3 e6 3. Bf4 Bd6 4. Bg3 Nf6 5. e3 c5 6. c3 Nc6 7. Nbd2 O-O 8. Bd3
Qe7 9. Ne5 Bxe5 10. dxe5 Nd7 11. f4 f6 12. Nf3 c4 13. exf6 Nxf6 14. Bc2 b5 15.
a3 Qc5 16. Qe2 a5 17. O-O Rb8 18. Kh1 b4 19. axb4 axb4 20. f5 Rb7 21. fxe6 Bxe6
22. Nd4 Bg4 23. Qd2 b3 24. Bf5 Bxf5 25. Nxf5 Ne4 26. Qe2 Rbf7 27. Qg4 Kh8 28.
Rf4 Ne5 29. Qh3 Ng6 30. Raf1 Nxf4 31. Rxf4 Qa7 32. Be1 Qa1 33. Qh4 g5 0-1

[Event "Autunno Scacchistico Magistrale"]
[Site "Venezia ITA"]
[Date "2004.10.31"]
[Round "4"]
[White "Gonzales, Guillermo"]
[Black "Fantini, Lorenzo"]
[Result "1/2-1/2"]
[WhiteElo "1976"]
[BlackElo "2117"]
[PlyCount "77"]
[EventDate "2004.10.29"]

1. e4 e5 2. f4 d6 3. Nf3 Nc6 4. d3 Nf6 5. g3 Bg4 6. Bg2 exf4 7. Bxf4 Nd4 8.
Nbd2 h6 9. Be3 Nxf3+ 10. Nxf3 Nd7 11. Qd2 Bxf3 12. Bxf3 Qf6 13. O-O Ne5 14. Bh5
Qe6 15. Qf2 g6 16. Be2 a6 17. d4 Nd7 18. Rae1 Bg7 19. Bg4 Qe7 20. e5 dxe5 21.
dxe5 O-O 22. Bf3 c6 23. Bd4 Rae8 24. e6 fxe6 25. Qe3 Bxd4 26. Qxd4 Qc5 27. Qxc5
Nxc5 28. Re3 Re7 29. Bg4 e5 30. Rfe1 Rfe8 31. b4 Na4 32. Be2 Nb6 33. c4 Kg7 34.
b5 cxb5 35. cxb5 Nd5 36. Ra3 axb5 37. Bxb5 Rc8 38. Bf1 Rc2 39. Ra5 1/2-1/2

[Event "Autunno Scacchistico Magistrale"]
[Site "Venezia ITA"]
[Date "2004.10.31"]
[Round "4"]
[White "Kiss, Pal"]
[Black "Pechy, Alaster"]
[Result "1/2-1/2"]
[WhiteElo "2394"]
[BlackElo "2154"]
[PlyCount "169"]
[EventDate "2004.10.29"]

1. d4 Nf6 2. c4 g6 3. Nc3 d5 4. Bf4 Bg7 5. e3 O-O 6. cxd5 Nxd5 7. Nxd5 Qxd5 8.
Bxc7 Na6 9. Bxa6 Qxg2 10. Qf3 Qxf3 11. Nxf3 bxa6 12. Rc1 Bb7 13. Ke2 Rfe8 14.
Rhd1 Rac8 15. Ne1 Bd5 16. b3 Bf8 17. f3 f5 18. Kd3 e6 19. e4 Bb7 20. Ba5 Bd6
21. h3 Bf4 22. Rc4 Rf8 23. Bd2 fxe4+ 24. fxe4 Bg3 25. Rxc8 Bxc8 26. Rc1 e5 27.
Bh6 Rd8 28. d5 Bxh3 29. Nf3 Rc8 30. Rg1 Bf2 31. Rh1 Bg2 32. Rh2 Bf1+ 33. Kd2
Bg3 34. Rh1 Bg2 35. Rg1 Bxf3 36. Rxg3 Bxe4 37. Re3 Bxd5 38. Rxe5 Rd8 39. Ke3
Kf7 40. Kf4 Rd7 41. Ke3 a5 42. Kf4 a4 43. bxa4 Bxa2 44. a5 Bc4 45. Rc5 Bd3 46.
Rc8 Ke6 47. Rg8 Bb5 48. Rg7 Kf6 49. Rxd7 Bxd7 50. Bg5+ Ke6 51. Bh6 a6 52. Kg5
Kf7 53. Kf4 Kf6 54. Bg5+ Kg7 55. Bd8 h6 56. Be7 Kf7 57. Bd8 Ke6 58. Bb6 Ba4 59.
Be3 g5+ 60. Kg3 Kf5 61. Bb6 Bd1 62. Bd8 Be2 63. Be7 h5 64. Bd8 h4+ 65. Kh2 Kg4
66. Be7 Bf3 67. Bd8 Kh5 68. Be7 g4 69. Bd6 Bd1 70. Bc7 Bb3 71. Bd6 Bd5 72. Bc7
Ba8 73. Bd6 Bb7 74. Bc7 Be4 75. Bd6 Kg6 76. Be7 Kh5 77. Bd6 Bf5 78. Bc7 Kg6 79.
Kg2 Be4+ 80. Kh2 Bd3 81. Bd8 g3+ 82. Kh3 Bf1+ 83. Kxh4 g2 84. Bb6 Kf5 85. Kg3
1/2-1/2

[Event "Autunno Scacchistico Magistrale"]
[Site "Venezia ITA"]
[Date "2004.10.31"]
[Round "4"]
[White "Lain, Luigi"]
[Black "Opacic, Alexandar"]
[Result "0-1"]
[WhiteElo "2262"]
[BlackElo "2105"]
[PlyCount "194"]
[EventDate "2004.10.29"]

1. d4 e6 2. c4 b6 3. Nc3 Bb7 4. Nf3 Nf6 5. Bg5 Be7 6. e3 Ne4 7. Nxe4 Bxe4 8.
Bf4 h5 9. Be2 h4 10. O-O g5 11. Be5 Rg8 12. d5 d6 13. Bc3 e5 14. Nd2 Bg6 15. f4
gxf4 16. exf4 exf4 17. Rxf4 Bg5 18. Rf1 Be3+ 19. Kh1 Nd7 20. Bg4 Qg5 21. Bh3
Ne5 22. Nf3 Nxf3 23. Qxf3 Kf8 24. Bf6 Qh6 25. Rae1 Re8 26. Bd7 Be4 27. Bg5 Qg6
28. Rxe3 Bxf3 29. Rxe8+ Kg7 30. Rxg8+ Kxg8 31. gxf3 Qd3 32. Rf2 Qxc4 33. b3
Qxd5 34. Bxh4 Qd1+ 35. Kg2 d5 36. Bg3 c5 37. h4 d4 38. Bf5 Qc1 39. Re2 Kg7 40.
Bd3 Qc3 41. Bc4 Kg6 42. Bf4 Kf5 43. Kg3 d3 44. Re3 Qg7+ 45. Bg5 Kg6 46. Bxd3+
Kh5 47. f4 f6 48. Be2+ Kg6 49. Re6 Qd7 50. f5+ Kh7 51. Bxf6 Qd2 52. Re7+ Kg8
53. Bh5 Qd6+ 54. Kg4 Qxf6 55. Re6 Qd4+ 56. Kg5 Qg1+ 57. Bg4 Kf7 58. Rc6 Qe3+
59. Kh5 Qe8 60. Bf3 Qe5 61. Bg4 Qe7 62. Rg6 Qe3 63. Re6 Qf4 64. Rh6 b5 65. Rh7+
Kf6 66. Rxa7 c4 67. Ra6+ Kf7 68. bxc4 bxc4 69. Rc6 Qd4 70. a4 c3 71. a5 Qh8+
72. Kg5 Qd8+ 73. Kf4 Qd2+ 74. Ke4 c2 75. Bh5+ Kf8 76. Rc8+ Kg7 77. Rc7+ Kh6 78.
Bg6 Qe2+ 79. Kd5 Qd3+ 80. Ke6 Qe3+ 81. Kd5 Qd3+ 82. Ke6 Qe4+ 83. Kd7 Qf4 84. a6
c1=Q 85. Rxc1 Qxc1 86. h5 Qa3 87. f6 Qxa6 88. f7 Qb7+ 89. Ke8 Qc8+ 90. Ke7 Qc5+
91. Ke8 Qe5+ 92. Kd7 Kg7 93. h6+ Kf8 94. h7 Qe7+ 95. Kc6 Kg7 96. Kd5 Qg5+ 97.
Kd4 Qd8+ 0-1

[Event "Autunno Scacchistico Magistrale"]
[Site "Venezia ITA"]
[Date "2004.10.31"]
[Round "4"]
[White "Miladinovic, Igor"]
[Black "Groszpeter, Attila"]
[Result "1/2-1/2"]
[WhiteElo "2611"]
[BlackElo "2514"]
[PlyCount "51"]
[EventDate "2004.10.29"]

1. d4 e6 2. e4 d5 3. Nc3 Bb4 4. Qg4 dxe4 5. Qxg7 Qf6 6. Qxf6 Nxf6 7. Bd2 Nc6 8.
Nge2 Bd7 9. a3 Bxc3 10. Bxc3 Nd5 11. Bd2 f5 12. c4 Nb6 13. b3 Rg8 14. Bc3 O-O-O
15. h4 Be8 16. h5 Bf7 17. O-O-O a5 18. a4 Nb4 19. Bxb4 axb4 20. f3 exf3 21.
gxf3 c5 22. h6 Nd7 23. d5 exd5 24. Bh3 Nf6 25. Bxf5+ Kc7 26. Nf4 1/2-1/2

[Event "Autunno Scacchistico Magistrale"]
[Site "Venezia ITA"]
[Date "2004.10.31"]
[Round "4"]
[White "Navarro, Stefano"]
[Black "Mufic, Goran"]
[Result "0-1"]
[WhiteElo "2177"]
[BlackElo "2320"]
[PlyCount "98"]
[EventDate "2004.10.29"]

1. e4 c5 2. Nf3 Nc6 3. d4 cxd4 4. Nxd4 g6 5. c4 Bg7 6. Be3 Nf6 7. Nc3 O-O 8.
Be2 d6 9. O-O Bd7 10. Rc1 a5 11. b3 Nxd4 12. Bxd4 Bc6 13. Qd3 Nd7 14. Bxg7 Kxg7
15. Qe3 Qb6 16. Qxb6 Nxb6 17. f4 Nd7 18. Bf3 Nc5 19. Rcd1 f6 20. Rfe1 Kf7 21.
Re3 Rad8 22. Ne2 e5 23. g3 Ke7 24. Bg2 Rb8 25. Nc3 Ne6 26. Nd5+ Bxd5 27. exd5
Nc5 28. Bf1 Kd7 29. fxe5 fxe5 30. a3 a4 31. b4 Nb3 32. c5 dxc5 33. Rxe5 Nd4 34.
Re4 b6 35. Bg2 Rbe8 36. bxc5 bxc5 37. Bh3+ Kd6 38. Be6 Rb8 39. Rf1 Nf3+ 40.
Rxf3 Rxf3 41. Rxa4 Rb2 42. Ra6+ Ke5 43. Bg8 Rd3 44. Re6+ Kf5 45. Re1 c4 46. d6
c3 47. d7 c2 48. Rf1+ Kg5 49. Be6 Rb1 0-1

[Event "Autunno Scacchistico Magistrale"]
[Site "Venezia ITA"]
[Date "2004.10.31"]
[Round "4"]
[White "Petruk, Mykola"]
[Black "Caligara, Roberto"]
[Result "0-1"]
[WhiteElo "2009"]
[BlackElo "1939"]
[PlyCount "102"]
[EventDate "2004.10.29"]

1. d4 Nf6 2. c4 e5 3. dxe5 Ng4 4. e4 Nxe5 5. f4 Nbc6 6. Be3 Bb4+ 7. Nd2 Ng6 8.
Ngf3 Qe7 9. Bd3 Qd6 10. Qe2 Nxf4 11. Bxf4 Qxf4 12. O-O Bc5+ 13. Kh1 Qe3 14.
Qxe3 Bxe3 15. Rae1 Bxd2 16. Nxd2 Ne5 17. Bc2 d6 18. b3 Bd7 19. Nf3 O-O 20. Nd4
a5 21. a4 f6 22. h3 Rfe8 23. Bb1 Re7 24. Rc1 b6 25. Rf2 Nf7 26. h4 Nd8 27. Rc3
Nb7 28. Kh2 Nc5 29. Nf5 Bxf5 30. exf5 Rae8 31. Rff3 Re1 32. Bd3 R8e3 33. Bc2
Rxc3 34. Rxc3 Rc1 35. h5 Na6 36. h6 Nb4 37. Rg3 Rxc2 38. Rxg7+ Kf8 39. Rxh7 Kg8
40. Rg7+ Kh8 41. Rg6 d5 42. Rxf6 dxc4 43. bxc4 Rxc4 44. Kh3 Nd5 45. Rf7 Rc6 46.
Kh4 Rxh6+ 47. Kg5 Rd6 48. f6 Rxf6 49. Rxf6 Nxf6 50. Kxf6 b5 51. Kf7 bxa4 0-1

[Event "Autunno Scacchistico Magistrale"]
[Site "Venezia ITA"]
[Date "2004.10.31"]
[Round "4"]
[White "Pfeifer, Andreas"]
[Black "Verducci, Gianni"]
[Result "1-0"]
[WhiteElo "2129"]
[BlackElo "2045"]
[PlyCount "133"]
[EventDate "2004.10.29"]

1. e4 e6 2. d4 d5 3. Nd2 Nf6 4. Bd3 c5 5. e5 Nfd7 6. c3 Qb6 7. Ne2 Nc6 8. Nf3
cxd4 9. cxd4 Bb4+ 10. Kf1 O-O 11. a3 Be7 12. b4 f6 13. b5 Na5 14. Qc2 fxe5 15.
dxe5 Nxe5 16. Be3 Qd6 17. Bxh7+ Kh8 18. Nxe5 Qxe5 19. Bd4 Qh5 20. Bg6 Qh4 21.
f3 Bf6 22. Rd1 Nc4 23. Bf2 Qh6 24. Bd3 Ne3+ 25. Bxe3 Qxe3 26. h4 e5 27. Nc3 Be6
28. Be2 e4 29. Nxd5 Bxd5 30. Rxd5 Bd4 31. Rh5+ Kg8 32. Bc4+ Rf7 33. Bxf7+ Kxf7
34. Rf5+ Kg6 35. fxe4 Re8 36. Rf3 Qxe4 37. Qxe4+ Rxe4 38. Rhh3 Re5 39. Rhg3+
Kh6 40. Rg4 Bb2 41. Rb3 Rf5+ 42. Ke2 Be5 43. Ra4 Bb8 44. Re4 Bc7 45. g4 Rf7 46.
Rf3 Rd7 47. Rf5 Ba5 48. Re8 Kh7 49. Re4 Rd2+ 50. Ke3 Rd7 51. Rfe5 Bb6+ 52. Ke2
Rf7 53. a4 Rf2+ 54. Kd3 Rf3+ 55. Kc4 Ra3 56. Kd5 Rd3+ 57. Ke6 Bc7 58. Rd5 Rf3
59. Rd7 Rf6+ 60. Kd5 Bg3 61. h5 a6 62. Rxb7 axb5 63. axb5 Rd6+ 64. Kc4 Bh4 65.
Rc7 Bd8 66. Rc6 Rd1 67. Rd4 1-0

[Event "Autunno Scacchistico Magistrale"]
[Site "Venezia ITA"]
[Date "2004.11.01"]
[Round "5"]
[White "Bianchi, Andrea"]
[Black "Bonafede, Alessandro"]
[Result "1-0"]
[WhiteElo "2130"]
[BlackElo "2103"]
[PlyCount "49"]
[EventDate "2004.10.29"]

1. e4 c5 2. Nf3 Nc6 3. d4 cxd4 4. Nxd4 Nf6 5. Nc3 e5 6. Ndb5 d6 7. Bg5 a6 8.
Na3 b5 9. Nd5 Be7 10. Bxf6 Bxf6 11. c3 Bg5 12. Nc2 Rb8 13. Nce3 Be6 14. a4 bxa4
15. Qxa4 Bd7 16. Qa3 O-O 17. Nc4 f5 18. Qxd6 fxe4 19. Rxa6 e3 20. fxe3 Qe8 21.
Be2 Bh4+ 22. g3 Bf6 23. O-O Qf7 24. Nxf6+ gxf6 25. Rxc6 1-0